|
|
|
|
| LEADER |
00000cam a2200000 a 4500 |
| 001 |
vtls010592087 |
| 003 |
SK-MaSNL |
| 005 |
20260302013238.0 |
| 008 |
240314s2014 xo a e n 000 0 slo |
| 015 |
|
|
|a SNBA2014/09
|
| 020 |
|
|
|a 9788022741316
|q (brož.)
|
| 035 |
|
|
|a 921C7A7C-54D5-4468-8885-38E499E4F173
|
| 035 |
|
|
|a urn:nbn:sk:snk-am3h5jd
|
| 035 |
|
|
|a urn:nbn:sk:snk-am008z3a
|
| 040 |
|
|
|a SNK
|b slo
|c SNK
|e AACR2
|
| 041 |
0 |
|
|a slo
|
| 044 |
|
|
|a xo
|c SK
|
| 072 |
|
7 |
|a 514
|x Geometria
|2 konspekt
|
| 080 |
|
|
|a 514.18
|2 2001
|
| 080 |
|
|
|a (076.5)
|2 2001
|
| 080 |
|
|
|a (075.8)
|2 2001
|
| 100 |
1 |
|
|a Kyselová, Darina
|4 aut
|9 64966
|
| 245 |
1 |
0 |
|a Deskriptívna geometria
|b návody na cvičenia
|c Darina Kyselová a kolektív
|
| 250 |
|
|
|a 3. vyd.
|
| 260 |
|
|
|a V Bratislave
|b Slovenská technická univerzita
|c 2014
|
| 300 |
|
|
|a 261 s.
|b ilustr.
|c 29 cm
|
| 366 |
|
|
|e 1000 výt.
|
| 490 |
1 |
|
|a Edícia skrípt
|
| 504 |
|
|
|a Bibliografia: s. 261
|
| 650 |
0 |
7 |
|a deskriptívna geometria
|2 SNKPH
|9 831
|
| 650 |
0 |
7 |
|a Descriptive geometry
|2 SNKPHeng
|9 285915
|
| 655 |
|
7 |
|a praktické cvičenia
|2 SNKPH
|9 70517
|
| 655 |
|
7 |
|a učebnice vysokých škôl
|2 SNKPH
|9 70191
|
| 655 |
|
7 |
|a Problems, exercises, etc.
|2 SNKPHeng
|9 278342
|
| 655 |
|
7 |
|a Textbooks (higher)
|2 SNKPHeng
|9 276436
|
| 700 |
1 |
|
|a Mészárosová, Katarína,
|d 1955-
|4 aut
|9 235207
|
| 700 |
1 |
|
|a Minárová, Mária,
|d 1964-
|4 aut
|9 255075
|
| 700 |
1 |
|
|a Pelikánová, Šárka
|4 aut
|9 540672
|
| 700 |
1 |
|
|a Bašová, Hana
|4 aut
|9 66946
|
| 752 |
|
|
|a Slovensko
|d Bratislava
|
| 810 |
2 |
|
|a Slovenská technická univerzita v Bratislave
|t Edícia skrípt
|9 180632
|
| 830 |
|
0 |
|a Edícia skrípt
|9 281581
|
| 852 |
|
|
|a Štátna vedecká knižnica v Banskej Bystrici
|
| 919 |
|
|
|a 978-80-227-4131-6
|
| 958 |
|
|
|a NB
|
| 999 |
|
|
|c 1012255
|d 1014185
|
| 952 |
|
|
|a SNK
|b SNK
|y PREZ
|7 0
|p 17A1114926
|o snkSB 86991
|i snk2014/17311
|8 0
|0 0
|1 0
|4 0
|d 2014-08-18
|f 1
|l 0
|r 2025-05-07 00:00:00
|w 2026-02-24
|
| 952 |
|
|
|a SNK
|b SNK
|y VYP
|7 0
|p 17A1114925
|o snkSB 86991 D1
|i snk2014/17312
|8 0
|0 0
|1 0
|4 0
|d 2014-08-18
|l 0
|r 2016-06-30 00:00:00
|w 2026-02-24
|